<?xml version="1.0" encoding="UTF-8"?>
<record
    xmlns:xsi="http://www.w3.org/2001/XMLSchema-instance"
    xsi:schemaLocation="http://www.loc.gov/MARC21/slim http://www.loc.gov/standards/marcxml/schema/MARC21slim.xsd"
    xmlns="http://www.loc.gov/MARC21/slim">

  <leader>01105nam a22001457a 4500</leader>
  <controlfield tag="008">150123b        xxu||||| |||| 00| 0 eng d</controlfield>
  <datafield tag="082" ind1=" " ind2=" ">
    <subfield code="a">779.209.728.1</subfield>
    <subfield code="b">C397i</subfield>
  </datafield>
  <datafield tag="100" ind1=" " ind2=" ">
    <subfield code="a">Arturo Taracena Arriola; Rosina Cazali</subfield>
    <subfield code="9">1983</subfield>
  </datafield>
  <datafield tag="245" ind1=" " ind2=" ">
    <subfield code="a">Im&#xE1;genes de Guatemala :</subfield>
    <subfield code="b">57 fot&#xF3;grafos de la Fototeca de CIRMA y la comunidad fotogr&#xE1;fica guatemalteca : 1850-2005 : con textos y fotograf&#xED;as</subfield>
    <subfield code="c">Arturo Taracena Arriola; Rosina Cazali</subfield>
  </datafield>
  <datafield tag="260" ind1=" " ind2=" ">
    <subfield code="a">Antigua, Guatemala</subfield>
    <subfield code="b">Centro de Investigaciones Regionales de Mesoam&#xE9;rica. Cirma</subfield>
    <subfield code="c">2005</subfield>
  </datafield>
  <datafield tag="300" ind1=" " ind2=" ">
    <subfield code="a">121 p</subfield>
    <subfield code="b"> ill.</subfield>
    <subfield code="c"> 23 cm</subfield>
  </datafield>
  <datafield tag="505" ind1=" " ind2=" ">
    <subfield code="t">Agradecimientos</subfield>
    <subfield code="t">La exposicion, CIRMA y el reto de desarrollar un archivo nacional de la memoria visual a traves de la imagen fotografica</subfield>
    <subfield code="r">Tani Marilena Adams </subfield>
    <subfield code="t">Fotografia en Guatemala como documento social: desde sus origenes hasta 1920s</subfield>
    <subfield code="r">Arturo Taracena Arriola</subfield>
    <subfield code="t">Fotografia y modernidad en guatemala</subfield>
    <subfield code="r">Rosina Cazali</subfield>
    <subfield code="t">Fotografias</subfield>
    <subfield code="t">apendice fotografico</subfield>
    <subfield code="t">Breve descripcion de Cirma y sus colecciones </subfield>
  </datafield>
  <datafield tag="650" ind1=" " ind2=" ">
    <subfield code="a">Fotografia</subfield>
    <subfield code="x">Coleccion de fotografias - Exhibiciones </subfield>
    <subfield code="z">Guatemala</subfield>
    <subfield code="9">1984</subfield>
  </datafield>
  <datafield tag="700" ind1=" " ind2=" ">
    <subfield code="a">Arturo Taracena Arriola; Rosina Cazali</subfield>
    <subfield code="9">1985</subfield>
  </datafield>
  <datafield tag="999" ind1=" " ind2=" ">
    <subfield code="c">413</subfield>
    <subfield code="d">413</subfield>
  </datafield>
  <datafield tag="952" ind1=" " ind2=" ">
    <subfield code="0">0</subfield>
    <subfield code="1">0</subfield>
    <subfield code="2">ddc</subfield>
    <subfield code="4">0</subfield>
    <subfield code="7">0</subfield>
    <subfield code="a">LV</subfield>
    <subfield code="b">LV</subfield>
    <subfield code="c">Monograf&#xED;as</subfield>
    <subfield code="d">2015-01-23</subfield>
    <subfield code="l">0</subfield>
    <subfield code="o">779.209.728.1 C397i</subfield>
    <subfield code="p">000494</subfield>
    <subfield code="r">2015-01-23 00:00:00</subfield>
    <subfield code="w">2015-01-23</subfield>
    <subfield code="y">01</subfield>
  </datafield>
</record>
